[Event "Nationale I Jeune, Cannes"]
[Site "Cannes"]
[Date "1998.??.??"]
[Round "?"]
[White "Salinas, Deborah"]
[Black "Valles, Manuel"]
[Result "0-1"]
[WhiteElo "2720"]
[BlackElo "2700"]
[PlyCount "148"]
[EventDate "1998.??.??"]
[Source "www.chesslib.no"]
[SourceDate "2004.05.04"]

1. d4 Nf6 2. Nf3 g6 3. c4 c5 4. e3 e6 5. Nc3 cxd4 6. exd4 Bg7 7. Bg5 d5 8. cxd5 exd5 9. Bd3 Qe7+ 10. Be2 Be6 11. O-O O-O 12. Rc1 Nc6 13. Ne5 Qb4 14. Nxc6 bxc6 15. Na4 Ne4 16. Be3 Bd7 17. a3 Qa5 18. b4 Qc7 19. b5 Qd6 20. Nc5 cxb5 21. Nxe4 dxe4 22. Rc5 a6 23. Qd2 Rac8 24. Rfc1 Rxc5 25. dxc5 Qc6 26. Rd1 Rd8 27. Bg5 f6 28. Bg4 fxg5 29. Bxd7 Rxd7 30. Qxd7 Qxc5 31. Qd5+ Qxd5 32. Rxd5 Kf7 33. Rd6 Bf8 34. Rxa6 b4 35. Rb6 bxa3 36. Ra6 Ke8 37. Kf1 Kd7 38. Ke2 Kc7 39. Ke3 Kb7 40. Ra4 Kb6 41. Kd4 Kb5 42. Rc4 a2 43. Rc1 Bg7+ 44. Kxe4 a1=Q 45. Rxa1 Bxa1 46. Kd5 Bc3 47. Ke6 Kc4 48. Kf7 Kd4 49. Kg7 Ke4+ 50. Kxh7 Be1 51. Kxg6 Bd2 52. Kh5 Kf4 53. h4 g4 54. f3 g3 55. Kg6 Ke3 56. h5 Kf2 57. h6 Bxh6 58. Kxh6 Kxg2 59. f4 Kf3 60. f5 g2 61. f6 g1=Q 62. f7 Qe3+ 63. Kg7 Qg5+ 64. Kf8 Kg4 65. Ke8 Qe5+ 66. Kf8 Kf5 67. Kg8 Qg3+ 68. Kh8 Qb8+ 69. Kg7 Qg3+ 70. Kh8 Qh4+ 71. Kg7 Qg5+ 72. Kh8 Qh6+ 73. Kg8 Kg6 74. f8=Q Qh7# 0-1

[Event "XXIV ECC"]
[Site "Kallithea GRE"]
[Date "2008.10.17"]
[Round "1"]
[White "Kamsky, G."]
[Black "Feygin, M."]
[Result "1-0"]
[WhiteElo "2729"]
[BlackElo "2569"]
[PlyCount "119"]
[EventDate "2008.10.17"]
[Source "www.chesslib.no"]
[SourceDate "2004.05.04"]

1. d4 e6 2. c4 Nf6 3. Nf3 c5 4. d5 b5 5. dxe6 fxe6 6. cxb5 d5 7. g3 Bd6 8. Bg2 a6 9. bxa6 O-O 10. O-O Nc6 11. Nc3 Bxa6 12. Bg5 h6 13. Bxf6 Qxf6 14. Rc1 Nd4 15. Ne1 Rab8 16. Qd2 Rxb2 17. Qxb2 Nxe2+ 18. Qxe2 Bxe2 19. Nxe2 Qb2 20. Rc2 Qa3 21. f4 c4 22. Kh1 Bc5 23. Nf3 Qd3 24. Rd2 Qe3 25. Rfd1 Rb8 26. Rc2 Qa3 27. Nfd4 Rb2 28. Rxb2 Qxb2 29. Bh3 c3 30. Bxe6+ Kf8 31. Bf5 Bxd4 32. Nxd4 Qxa2 33. Bc2 Qa7 34. Kg2 Qb6 35. Kf3 Qf6 36. Ke3 Qe7+ 37. Kd3 Qe4+ 38. Kxc3 Qe3+ 39. Rd3 Qe1+ 40. Kb2 h5 41. h4 Qg1 42. Bd1 Qf2+ 43. Nc2 g6 44. Kc1 Kg7 45. Ne3 Kh6 46. Nxd5 Qc5+ 47. Kd2 Qa5+ 48. Ke2 Qa2+ 49. Kf3 Qh2 50. Ne3 Qa2 51. Bc2 Qe6 52. Rd5 Qc6 53. Kf2 Qc3 54. Rd6 Kh7 55. Rxg6 Qd2+ 56. Kf3 Kh8 57. Rh6+ Kg7 58. Nf5+ Kf8 59. Rf6+ Kg8 60. Bb3+ 1-0

[Event "SLO-chT"]
[Site "Celje"]
[Date "2004.11.30"]
[Round "3"]
[White "Kozul, Zdenko"]
[Black "Volokitin, Andrei"]
[Result "1/2-1/2"]
[WhiteElo "2640"]
[BlackElo "2652"]
[PlyCount "131"]
[EventDate "2004.11.29"]
[Source "Roberto Alvarez"]
[SourceDate "2004.12.06"]

1. d4 Nf6 2. Nf3 e6 3. c4 c5 4. d5 b5 5. Bg5 exd5 6. cxd5 d6 7. e3 a6 8. a4 b4 9. Nbd2 Be7 10. Qb3 O-O 11. h3 Nh5 12. Bxe7 Qxe7 13. Bc4 a5 14. O-O Nd7 15. Rfe1 Nb6 16. e4 Nf4 17. e5 Bb7 18. exd6 Qxd6 19. Ne4 Qh6 20. Nxc5 Nxc4 21. Nxb7 Qg6 22. g3 Qd3 23. Qxd3 Nxd3 24. Re4 Ncxb2 25. d6 Rfb8 26. Re7 Nc4 27. Nd4 Ra6 28. d7 Kf8 29. Re2 Raa8 30. d8=Q+ Rxd8 31. Nxd8 Rxd8 32. Nb3 Nde5 33. Kg2 f6 34. f4 Nd3 35. Kf1 Rc8 36. Rd1 Nc5 37. Nxc5 Rxc5 38. Rd8+ Kf7 39. Rd7+ Kg6 40. Kf2 Nb6 41. Rb7 Nxa4 42. Ree7 Kf5 43. Rxg7 Ke4 44. Rge7+ Kd3 45. Rxh7 Nc3 46. h4 Kc2 47. h5 b3 48. h6 b2 49. Rhe7 Rh5 50. h7 f5 51. g4 fxg4 52. Kg3 a4 53. Kxg4 Rh2 54. f5 a3 55. f6 a2 56. Rxb2+ Kxb2 57. Rb7+ Kc2 58. Ra7 Rxh7 59. Rxa2+ Nxa2 60. Kg5 Nc3 61. Kg6 Rh4 62. f7 Rg4+ 63. Kh6 Rf4 64. Kg7 Ne4 65. f8=Q Rxf8 66. Kxf8 1/2-1/2

[Event "Julian Borowski 4th"]
[Site "Essen"]
[Date "2002.05.25"]
[Round "9"]
[White "Fridman, Daniel"]
[Black "Leko, Peter"]
[Result "1/2-1/2"]
[WhiteElo "2571"]
[BlackElo "2707"]
[PlyCount "44"]
[EventDate "2002.05.16"]
[Source "ChessBase"]
[SourceDate "2002.09.20"]

1. Nf3 c5 2. c4 Nf6 3. Nc3 e6 4. e3 g6 5. d4 Bg7 6. g3 O-O 7. Bg2 d5 8. cxd5 Nxd5 9. O-O cxd4 10. Nxd5 exd5 11. Nxd4 Nc6 12. Bd2 Nxd4 13. exd4 Be6 14. Be3 Qb6 15. Qb3 Rfc8 16. Bxd5 Bxd5 17. Qxd5 Rd8 18. Qf3 Bxd4 19. Bxd4 Rxd4 20. b3 Rad8 21. Rad1 R8d7 22. Rfe1 Rxd1 1/2-1/2

[Event "Srbija i Crna Gora"]
[Site "?"]
[Date "2004.??.??"]
[Round "?"]
[White "Georgiev, Ki"]
[Black "Volokitin, And"]
[Result "1/2-1/2"]
[WhiteElo "2625"]
[BlackElo "2635"]
[PlyCount "43"]
[EventDate "2004.??.??"]
[Source "Chess Informant"]
[SourceDate "2004.06.01"]

1. d4 Nf6 2. Nf3 e6 3. c4 c5 4. d5 b5 5. dxe6 fxe6 6. cxb5 d5 7. g3 Bd6 8. Bg2 O-O 9. O-O Bb7 10. Nbd2 Nbd7 11. b3 Qe7 12. Bb2 a6 13. bxa6 Bxa6 14. Re1 Ng4 15. Qc2 e5 16. e4 c4 17. exd5 Nxf2 18. bxc4 Bc5 19. Bd4 Bxd4 20. Nxd4 Qc5 21. N2b3 Qa7 22. Nc6 1/2-1/2

[Event "Moscow RUS"]
[Site "?"]
[Date "2002.??.??"]
[Round "2"]
[White "Rustemov Alexander"]
[Black "Vlassov Nikolai"]
[Result "1-0"]
[WhiteElo "2620"]
[BlackElo "2620"]
[PlyCount "87"]
[EventDate "2002.??.??"]
[Source "www.chesslib.no"]
[SourceDate "2004.05.04"]

1. d4 Nf6 2. Nf3 e6 3. c4 Nc6 4. a3 d5 5. Nc3 dxc4 6. e4 Na5 7. Bxc4 Nxc4 8. Qa4+ Nd7 9. Qxc4 Nb6 10. Qe2 Bd6 11. Bg5 f6 12. Bh4 O-O 13. O-O Bd7 14. Rac1 Qe8 15. Bg3 Rc8 16. Rfe1 Bxg3 17. hxg3 c5 18. e5 f5 19. dxc5 Rxc5 20. Qe3 Qe7 21. b4 Rc7 22. Ne2 Rfc8 23. Rxc7 Rxc7 24. Nf4 Bb5 25. Nd4 Bc4 26. Rc1 Qd7 27. Ndxe6 Bxe6 28. Rxc7 Qxc7 29. Nxe6 Qd7 30. Qb3 Qf7 31. f4 g5 32. Kf2 h6 33. Nc5 Qxb3 34. Nxb3 Nd5 35. Kf3 Kf7 36. Nd4 Kg6 37. Nb5 a6 38. Nd6 b6 39. Nc4 b5 40. Nd6 Nc3 41. Ke3 Nb1 42. Kd3 Nxa3 43. Kc3 Nb1+ 44. Kc2 1-0

[Event "60th ch-RUS Higher League"]
[Site "Krasnoyarsk RUS"]
[Date "2007.09.06"]
[Round "4"]
[White "Landa, K."]
[Black "Turov, M."]
[Result "1/2-1/2"]
[WhiteElo "2669"]
[BlackElo "2561"]
[PlyCount "40"]
[EventDate "2007.09.03"]
[Source "www.chesslib.no"]
[SourceDate "2004.05.04"]

1. Nf3 Nf6 2. c4 e6 3. d4 c5 4. d5 b5 5. dxe6 fxe6 6. cxb5 d5 7. Nc3 Bb7 8. e4 d4 9. e5 Nfd7 10. Nb1 a6 11. Na3 Bd5 12. bxa6 Nc6 13. Bc4 Ndxe5 14. Nxe5 Nxe5 15. Qh5+ Ng6 16. Bg5 Be7 17. Bxe7 Qxe7 18. O-O Bxc4 19. Nxc4 O-O 20. g3 Rxa6 1/2-1/2

[Event "Shanghai 82/437"]
[Site "?"]
[Date "2001.??.??"]
[Round "?"]
[White "Krasenkow, M."]
[Black "Bologan, V."]
[Result "1/2-1/2"]
[WhiteElo "2573"]
[BlackElo "2655"]
[PlyCount "96"]
[EventDate "2001.??.??"]
[Source "Chess Informant"]
[SourceDate "2001.06.01"]

1. d4 Nf6 2. c4 e6 3. Nf3 Nc6 4. a3 d6 5. Nc3 g6 6. e4 Bg7 7. h3 O-O 8. Bg5 h6 9. Be3 Re8 10. Bd3 Nd7 11. Bc2 Nb6 12. b3 a5 13. Qd2 a4 14. Bxh6 axb3 15. Bxg7 Kxg7 16. Bxb3 Na5 17. Qa2 e5 18. dxe5 dxe5 19. Nd5 Nd7 20. Bc2 b6 21. h4 c6 22. Ne3 Nf6 23. Qb2 Qc7 24. Qc3 Nb7 25. h5 Nc5 26. hxg6 fxg6 27. Ng5 Qa7 28. Nf5+ Bxf5 29. exf5 Qa5 30. Qxa5 Rxa5 31. fxg6 e4 32. Nf7 Kxg6 33. Nd6 Rd8 34. Rh6+ Kg7 35. Nf5+ Kf7 36. Ne3 Nd3+ 37. Bxd3 Rxd3 38. g4 Kg7 39. Rh3 Kg6 40. Rh8 b5 41. cxb5 cxb5 42. Rb8 Raxa3 43. Rxa3 Rxa3 44. Rxb5 Ra1+ 45. Ke2 Rg1 46. f4 exf3+ 47. Kxf3 Ra1 48. Re5 Ra4 1/2-1/2

[Event "PCA Qualifier"]
[Site "PCA Qualifier"]
[Date "1994.??.??"]
[Round "?"]
[White "Oll, Lembit"]
[Black "Nikolic, Predrag"]
[Result "1/2-1/2"]
[WhiteElo "2590"]
[BlackElo "2625"]
[PlyCount "25"]
[EventDate "1994.??.??"]
[Source "www.chesslib.no"]
[SourceDate "2004.05.04"]

1. d4 Nf6 2. c4 e6 3. Nf3 Nd5 4. g3 Na6 5. Nbd2 Ndb4 6. Bh3 Bd6 7. e4 O-O 8. c5 Nc6 9. Nb3 Ncb8 10. Na5 c6 11. a4 Bxc5 12. d5 Qg5 13. Kf1 1/2-1/2

[Event "BL 0607 SC Eppingen - SV Mülheim Nord"]
[Site "Germania"]
[Date "2007.03.18"]
[Round "13.1"]
[White "Tregubov, Pavel V"]
[Black "Gyimesi, Zoltan"]
[Result "1/2-1/2"]
[WhiteElo "2596"]
[BlackElo "2616"]
[PlyCount "119"]
[EventDate "2006.10.28"]
[Source "www.chesslib.no"]
[SourceDate "2004.05.04"]

1. d4 Nf6 2. Nf3 e6 3. c4 c5 4. d5 b5 5. Bg5 exd5 6. cxd5 d6 7. e3 a6 8. a4 b4 9. Nbd2 Be7 10. Nc4 O-O 11. Bd3 a5 12. Qc2 g6 13. O-O-O Ba6 14. h4 Nbd7 15. Bh6 Re8 16. h5 b3 17. Qe2 Nxh5 18. Rxh5 Bxc4 19. Bxc4 gxh5 20. Rh1 Nf6 21. Nh4 Kh8 22. Qf3 Rg8 23. Nf5 Rb8 24. Bb5 Rg6 25. Bf4 Rg4 26. g3 Bf8 27. e4 Rb6 28. Qc3 Bg7 29. Bh6 Ne8 30. Nxg7 Nxg7 31. Rxh5 f6 32. Rh1 Rxe4 33. Bd3 Re7 34. Bf4 Ne8 35. Qxa5 c4 36. Bf5 c3 37. Be3 Rb8 38. Qxd8 cxb2+ 39. Kxb2 Rxd8 40. a5 Ra8 41. Bb6 Nc7 42. Rd1 Rb8 43. Rd2 Kg7 44. g4 h6 45. f3 Na8 46. Bd4 Rb5 47. Bc3 Ra7 48. f4 Nc7 49. Be4 Kf7 50. Rh2 Raxa5 51. Bxa5 Rxa5 52. Rxh6 Nxd5 53. Rh7+ Kg8 54. Rh5 Ra2+ 55. Kxb3 Nxf4 56. Rf5 Rf2 57. Rxf6 Nh3 58. Rxd6 Rf4 59. Bf5 Kf7 60. Kc3 1/2-1/2

[Event "Yerevan ol (Men)"]
[Site "Yerevan"]
[Date "1996.??.??"]
[Round "7"]
[White "Ftacnik, Lubomir"]
[Black "Bologan, Viktor"]
[Result "1-0"]
[WhiteElo "2610"]
[BlackElo "2600"]
[PlyCount "125"]
[EventDate "1996.09.??"]
[Source "www.chesslib.no"]
[SourceDate "2004.05.04"]

1. d4 Nf6 2. Nf3 e6 3. c4 Nc6 4. Nc3 Bb4 5. Bd2 O-O 6. e3 d6 7. Bd3 e5 8. d5 Ne7 9. a3 Bxc3 10. Bxc3 Bg4 11. h3 Bh5 12. e4 c6 13. Qe2 b5 14. dxc6 bxc4 15. Bxc4 Nxc6 16. Rd1 Bg6 17. Bd3 Qb6 18. Nh4 Nd4 19. Bxd4 Qxd4 20. Nxg6 hxg6 21. Bc4 Qc5 22. O-O a5 23. Rc1 Qb6 24. b3 Rad8 25. Rfd1 Qb7 26. Re1 Rfe8 27. Rcd1 Re7 28. Rd3 Rc7 29. a4 Kf8 30. Qd2 Qb4 31. Qe3 Qc5 32. Qe2 Ke7 33. Red1 Qc6 34. Re3 Rh8 35. Bb5 Qc5 36. Red3 Rd8 37. g3 Qb4 38. Bc4 Qb7 39. f3 Qb4 40. R3d2 Rc6 41. Kg2 Rc5 42. h4 Rc6 43. Qe3 Qb6 44. Qg5 Rh8 45. Rd3 Rh5 46. Qd2 Qb4 47. Bb5 Qxd2+ 48. R1xd2 Rb6 49. Rc3 Rb7 50. Rc6 Ne8 51. Rdc2 Rh8 52. Rc8 Rf8 53. R2c6 f5 54. Ra6 Nc7 55. Rxf8 Kxf8 56. Rxa5 Ke7 57. Kf2 Ne6 58. Bc4 Nd4 59. Ra8 Nxb3 60. Rg8 Nc5 61. Rxg7+ Kf6 62. Rxb7 Nxb7 63. Bd5 1-0

[Event "Moscow RUS"]
[Site "?"]
[Date "2005.02.21"]
[Round "7"]
[White "Bocharov Dmitry"]
[Black "Ghaem Maghami Ehsan"]
[Result "0-1"]
[WhiteElo "2585"]
[BlackElo "2623"]
[PlyCount "66"]
[EventDate "2005.??.??"]
[Source "www.chesslib.no"]
[SourceDate "2004.05.04"]

1. d4 Nf6 2. Nf3 e6 3. c4 c5 4. d5 b5 5. dxe6 fxe6 6. cxb5 d5 7. g3 Bd6 8. Bh3 O-O 9. O-O a6 10. bxa6 Nxa6 11. Nc3 Be7 12. Bf4 d4 13. Nb5 Nd5 14. Be5 Nab4 15. Nd2 Nc6 16. Nc4 Nxe5 17. Nxe5 Qe8 18. a4 Qh5 19. e4 Qxh3 20. exd5 exd5 21. f4 Bf5 22. Rf2 Be4 23. b4 cxb4 24. Nc6 Bh4 25. Qf1 Qxf1+ 26. Rfxf1 Bf6 27. Nbxd4 Rfc8 28. Ne5 Rc3 29. a5 Bd8 30. Nec6 Bf6 31. Ne5 Be7 32. Rf2 Bc5 33. Nec6 Rd3 0-1

[Event "It (Open) Amsterdam NED"]
[Site "?"]
[Date "2005.07.21"]
[Round "6"]
[White "Rogers Ian"]
[Black "Cheparinov Ivan"]
[Result "0-1"]
[WhiteElo "2569"]
[BlackElo "2634"]
[PlyCount "88"]
[EventDate "2005.??.??"]
[Source "www.chesslib.no"]
[SourceDate "2004.05.04"]

1. d4 Nf6 2. c4 e6 3. Nf3 c5 4. e3 g6 5. Nc3 Bg7 6. Be2 O-O 7. O-O d6 8. b3 b6 9. Bb2 Bb7 10. Qc2 Na6 11. Rad1 Qe7 12. Qb1 Rfd8 13. Rfe1 Rac8 14. a3 Nc7 15. e4 cxd4 16. Nxd4 e5 17. Nf3 Ne6 18. Bf1 Ng4 19. Nd5 Qf8 20. b4 Kh8 21. Bd3 Nf6 22. Nxf6 Bxf6 23. Bf1 Bg7 24. Nh4 Ba6 25. Qa2 Rc7 26. Nf3 Rdc8 27. Rc1 Bb7 28. Rcd1 Re8 29. Nd2 f5 30. f3 h5 31. c5 bxc5 32. exf5 gxf5 33. Nc4 Nd4 34. bxc5 dxc5 35. f4 exf4 36. Rxe8 Qxe8 37. Nd6 Qe3+ 38. Kh1 Ne2 39. Bxg7+ Rxg7 40. Nf7+ Rxf7 41. Rd8+ Kg7 42. Bxe2 Qc3 43. Qb1 Re7 44. Rd3 Qe5 0-1

[Event "Presidents Cup"]
[Site "Elista"]
[Date "1998.05.12"]
[Round "2.4"]
[White "Sakaev, Konstantin"]
[Black "Bologan, Viktor"]
[Result "1/2-1/2"]
[WhiteElo "2620"]
[BlackElo "2580"]
[PlyCount "83"]
[EventDate "1998.05.07"]
[Source "ChessBase"]
[SourceDate "1998.08.06"]

1. d4 Nf6 2. Nf3 e6 3. c4 Nc6 4. g3 Bb4+ 5. Bd2 Qe7 6. Nc3 O-O 7. Bg2 Bxc3 8. Bxc3 Ne4 9. Qc2 Nxc3 10. Qxc3 a5 11. O-O d6 12. e4 e5 13. d5 Nb8 14. Nd2 Nd7 15. f4 f6 16. b3 Nc5 17. a3 Bd7 18. Rae1 b5 19. cxb5 Bxb5 20. Rf3 Rfc8 21. Bh3 Rcb8 22. b4 axb4 23. axb4 Na6 24. Be6+ Kh8 25. f5 Rb6 26. g4 Be8 27. Ra1 Rb7 28. Rh3 h6 29. Rg3 Rba7 30. h4 c5 31. g5 Bh5 32. b5 Nb4 33. Rxa7 Qxa7 34. gxf6 gxf6 35. Nc4 Qa2 36. Qc1 Kh7 37. b6 Qe2 38. b7 Nd3 39. Rg2 Nxc1 40. bxa8=Q Qe1+ 41. Kh2 Qxh4+ 42. Kg1 1/2-1/2

[Event "Presidents Cup"]
[Site "Elista"]
[Date "1998.05.12"]
[Round "2.7"]
[White "Sakaev, Konstantin"]
[Black "Bologan, Viktor"]
[Result "1-0"]
[WhiteElo "2620"]
[BlackElo "2580"]
[PlyCount "82"]
[EventDate "1998.05.07"]
[Source "ChessBase"]
[SourceDate "1998.08.06"]

1. d4 Nf6 2. Nf3 e6 3. c4 Nc6 4. e3 d6 5. Nc3 g6 6. e4 Bg7 7. Be2 O-O 8. d5 exd5 9. cxd5 Ne7 10. O-O c6 11. dxc6 bxc6 12. Bg5 h6 13. Bh4 g5 14. Bg3 d5 15. exd5 cxd5 16. Nb5 Ne4 17. Bc7 Qd7 18. Ne5 Qe6 19. Nd4 Qf6 20. Rc1 Nd6 21. Ndc6 Bf5 22. Bg4 Rfc8 23. Bxd6 Qxd6 24. Nxe7+ Qxe7 25. Bxf5 Rxc1 26. Qxc1 Qxe5 27. Bb1 Qxb2 28. Qc6 Rb8 29. g3 Qd4 30. Bc2 Qc3 31. Qxc3 Bxc3 32. Rb1 Re8 33. Bd3 Bd4 34. Kg2 Bb6 35. Rb5 Rd8 36. a4 Kg7 37. a5 Bd4 38. Rb7 Rd6 39. Be2 Kf6 40. Bh5 Ke5 41. Bxf7 Bc3 1-0

[Event "LXVI Campionato georgiano"]
[Site "Tbilisi GEO"]
[Date "2007.03.21"]
[Round "7"]
[White "Giorgadze, G1."]
[Black "Kacheishvili, G."]
[Result "1-0"]
[WhiteElo "2610"]
[BlackElo "2587"]
[PlyCount "79"]
[EventDate "2007.03.14"]
[Source "www.chesslib.no"]
[SourceDate "2004.05.04"]

1. d4 Nf6 2. Nf3 e6 3. c4 c5 4. d5 b5 5. dxe6 fxe6 6. cxb5 d5 7. Bf4 a6 8. e3 c4 9. bxa6 Qb6 10. Nbd2 Nc6 11. Qc2 Bxa6 12. a3 Be7 13. Be2 Nd7 14. Bg5 Bd6 15. Rd1 Nce5 16. O-O O-O 17. Qc3 Rfc8 18. e4 Rab8 19. exd5 exd5 20. Rb1 Nd3 21. Be3 Bc5 22. Bxc5 N7xc5 23. Qd4 Ne6 24. Qxb6 Rxb6 25. Bxd3 cxd3 26. g3 Rc2 27. b4 Bb5 28. Rfe1 h6 29. h4 Ra6 30. Ra1 Rc3 31. a4 Bd7 32. b5 Ra5 33. Ne5 Be8 34. b6 Nc5 35. Nxd3 Rxd3 36. Rxe8+ Kf7 37. Re2 Rc3 38. Rb1 Nb7 39. Rbe1 Kf6 40. Re6+ 1-0

[Event "Europa ch 2008"]
[Site "Plovdiv BUL"]
[Date "2008.05.02"]
[Round "11.53"]
[White "Delchev, Aleksander"]
[Black "Ovetchkin, Roman"]
[Result "1/2-1/2"]
[WhiteElo "2639"]
[BlackElo "2556"]
[PlyCount "138"]
[EventDate "2008.04.21"]
[Source "www.chesslib.no"]
[SourceDate "2004.05.04"]

1. d4 Nf6 2. Nf3 e6 3. c4 c5 4. d5 b5 5. Bg5 exd5 6. cxd5 d6 7. e3 a6 8. a4 b4 9. Nbd2 Be7 10. Nc4 a5 11. Bd3 O-O 12. Qc2 Nbd7 13. Rd1 h6 14. Bxf6 Nxf6 15. O-O Bg4 16. b3 Nd7 17. Bf5 Bxf3 18. gxf3 Nb6 19. Kh1 Nxc4 20. Qxc4 Bf6 21. Rg1 Ra7 22. Bd3 Re8 23. Rg4 Kf8 24. Qc2 Re5 25. Bb5 g6 26. f4 Rh5 27. Be2 Rh4 28. Rg3 Kg7 29. Rdg1 Kh8 30. Qe4 Re7 31. Qf3 Re8 32. Bd3 Rg8 33. h3 Qe8 34. Rg4 Rxg4 35. hxg4 Kg7 36. Kg2 Qe7 37. Rh1 Rh8 38. Qh3 Kg8 39. Qf3 Kg7 40. Kf1 Bc3 41. Rh3 Kg8 42. Qg2 Bg7 43. Bc4 Kf8 44. Ke2 Qf6 45. Qe4 Qe7 46. Kf3 Qxe4+ 47. Kxe4 Ke7 48. Be2 Kd7 49. Kd3 Kc7 50. f5 gxf5 51. Rf3 Be5 52. Rxf5 f6 53. Rh5 Bc3 54. Ke4 Kd7 55. Kf5 Ke7 56. Kf4 Kf7 57. Bb5 Bd2 58. Rh3 Bc3 59. Rh2 Ba1 60. Ke4 Kg6 61. Rh5 Rc8 62. Kd3 Rc7 63. Rh2 Re7 64. e4 Rb7 65. Ba6 Rb8 66. Kc4 Bd4 67. Kd3 Bc3 68. Ke3 Bd4+ 69. Kf3 Kg7 1/2-1/2

[Event "Cup Porzellan (active)"]
[Site "Dresden (Germany)"]
[Date "2008.01.13"]
[Round "9"]
[White "Kempinski Robert (POL)"]
[Black "Kritz Leonid (GER)"]
[Result "1/2-1/2"]
[WhiteElo "2596"]
[BlackElo "2596"]
[PlyCount "81"]
[EventDate "2008.??.??"]
[Source "www.chesslib.no"]
[SourceDate "2004.05.04"]

1. d4 Nf6 2. c4 e6 3. Nf3 c5 4. e3 cxd4 5. Nxd4 Nc6 6. Be2 Nxd4 7. Qxd4 Qc7 8. Nc3 a6 9. b3 Bb4 10. Bb2 e5 11. Qd3 d5 12. O-O dxc4 13. Qxc4 Qxc4 14. Bxc4 Ke7 15. Rfd1 Be6 16. Nd5+ Nxd5 17. Bxd5 Bxd5 18. Rxd5 f6 19. Rad1 Rad8 20. Rxd8 Rxd8 21. Rxd8 Kxd8 22. Kf1 e4 23. f3 exf3 24. gxf3 Bd6 25. h3 Ke7 26. Ke2 Ke6 27. e4 Be5 28. Bc1 g5 29. Kd3 b5 30. a4 h5 31. Bd2 Bb2 32. Ba5 Ba3 33. Bc7 f5 34. axb5 axb5 35. Bd8 Bc1 36. Bb6 Ke5 37. Bc7+ Ke6 38. Bb6 Bf4 39. Bf2 Ke5 40. Bd4+ Ke6 41. Bf2 1/2-1/2

[Event "MK Cafe Cup-A"]
[Site "Koszalin"]
[Date "1999.08.05"]
[Round "3"]
[White "Khenkin, Igor"]
[Black "Poluljahov, Aleksandr"]
[Result "1-0"]
[WhiteElo "2633"]
[BlackElo "2554"]
[PlyCount "76"]
[EventDate "1999.08.03"]
[Source "ChessBase"]
[SourceDate "1999.12.01"]

1. d4 Nf6 2. c4 e6 3. Nf3 Nc6 4. e3 Bb4+ 5. Nbd2 d6 6. a3 Bxd2+ 7. Qxd2 a5 8. b3 Qe7 9. Bb2 e5 10. d5 Nb8 11. Qc2 O-O 12. Be2 Ng4 13. h3 Nh6 14. O-O f5 15. c5 Na6 16. Rae1 f4 17. cxd6 cxd6 18. e4 Nf7 19. Bxa6 bxa6 20. a4 Ng5 21. Qd3 Nxh3+ 22. gxh3 Bxh3 23. Kh2 Bxf1 24. Rxf1 Rf6 25. Rg1 Rh6+ 26. Kg2 Rg6+ 27. Kf1 Rxg1+ 28. Kxg1 g5 29. Nd2 g4 30. Ba3 Qc7 31. Qc4 Qd7 32. Qc6 Qxc6 33. dxc6 Rc8 34. Nc4 Rxc6 35. Bxd6 h5 36. Bxe5 f3 37. Kh2 h4 38. Bd6 Kg7 1-0

[Event "New York op"]
[Site "New York"]
[Date "1997.??.??"]
[Round "?"]
[White "Chernin, Alexander"]
[Black "Sagalchik, Gennadij"]
[Result "1-0"]
[WhiteElo "2635"]
[BlackElo "2550"]
[PlyCount "39"]
[EventDate "1997.04.02"]
[Source "ChessBase"]

1. d4 Nf6 2. Nf3 e6 3. c4 a6 4. Nc3 c5 5. d5 b5 6. Bg5 b4 7. Ne4 Be7 8. Bxf6 Bxf6 9. Qd2 d6 10. dxe6 Bxe6 11. O-O-O Be7 12. Qf4 O-O 13. e3 Nd7 14. Bd3 h6 15. Ng3 Qa5 16. Kb1 d5 17. Nf5 dxc4 18. Nxe7+ Kh8 19. Bxc4 Bxc4 20. Qxc4 1-0

[Event "ESP-chT"]
[Site "Salamanca"]
[Date "1998.??.??"]
[Round "7"]
[White "Kharitonov, Andrei Y"]
[Black "Rogers, Ian"]
[Result "1/2-1/2"]
[WhiteElo "2570"]
[BlackElo "2605"]
[PlyCount "29"]
[EventDate "1998.09.05"]
[Source "www.chesslib.no"]
[SourceDate "2004.05.04"]

1. d4 Nf6 2. Nf3 e6 3. c4 c5 4. d5 b5 5. Bg5 Qa5+ 6. Nc3 Ne4 7. Bd2 Nxd2 8. Qxd2 b4 9. Ne4 Be7 10. e3 Bb7 11. Be2 O-O 12. O-O Qb6 13. Ng3 d6 14. e4 e5 15. Nf5 1/2-1/2

[Event "SLO-chT"]
[Site "Ljubljana"]
[Date "1997.??.??"]
[Round "?"]
[White "Kozul, Zdenko"]
[Black "Sermek, Drazen"]
[Result "1-0"]
[WhiteElo "2605"]
[BlackElo "2565"]
[PlyCount "47"]
[EventDate "1997.07.??"]
[Source "ChessBase"]
[SourceDate "1998.03.09"]

1. d4 Nf6 2. Nf3 e6 3. c4 c5 4. d5 b5 5. Bg5 Qa5+ 6. Qd2 Qxd2+ 7. Nfxd2 Na6 8. dxe6 fxe6 9. cxb5 Nb4 10. Bxf6 gxf6 11. Kd1 a6 12. e4 axb5 13. Nc3 Rg8 14. g3 Bb7 15. Bxb5 f5 16. Re1 fxe4 17. Ndxe4 Kf7 18. f4 Be7 19. a3 c4 20. Nf2 Nd5 21. Kc2 Nb6 22. a4 Ra5 23. Re5 d6 24. Be8+ 1-0

[Event "National Open"]
[Site "Las Vegas USA"]
[Date "2008.06.07"]
[Round "4"]
[White "Fressinet, L."]
[Black "Gurevich, D."]
[Result "1/2-1/2"]
[WhiteElo "2656"]
[BlackElo "2513"]
[PlyCount "95"]
[EventDate "2008.06.06"]
[Source "www.chesslib.no"]
[SourceDate "2004.05.04"]

1. d4 Nf6 2. Nf3 e6 3. c4 a6 4. Nc3 c5 5. d5 b5 6. Bg5 b4 7. Ne4 Be7 8. Bxf6 Bxf6 9. Qc2 O-O 10. e3 exd5 11. cxd5 d6 12. Bd3 g6 13. Nfd2 a5 14. O-O a4 15. Rad1 Bg7 16. Nc4 Ra6 17. f4 Qe7 18. Kh1 Nd7 19. f5 Nf6 20. Nxf6+ Bxf6 21. Rf3 Ra7 22. Qf2 Ba6 23. Na5 Bb7 24. Nc6 Bxc6 25. dxc6 d5 26. fxg6 fxg6 27. e4 c4 28. exd5 cxd3 29. d6 Qe2 30. Rdxd3 Qxf2 31. Rxf2 Ra6 32. c7 Rc6 33. g3 Be5 34. Rfd2 Bxd6 35. Rxd6 Rxc7 36. R6d4 Rb8 37. Kg2 Rbb7 38. Kf3 Kg7 39. Ke2 Rc1 40. a3 bxa3 41. bxa3 Rh1 42. Kf3 Ra7 43. Rb4 Ra1 44. Rd3 Ra2 45. h4 Rf7+ 46. Rf4 Rxf4+ 47. Kxf4 Kf6 48. Ke4 1/2-1/2

[Event "2. Samba Cup"]
[Site "?"]
[Date "2005.10.22"]
[Round "8"]
[White "Hansen Lars Bo"]
[Black "Jobava Baadur"]
[Result "1/2-1/2"]
[WhiteElo "2565"]
[BlackElo "2601"]
[PlyCount "65"]
[EventDate "2005.??.??"]
[Source "www.chesslib.no"]
[SourceDate "2004.05.04"]

1. d4 Nf6 2. c4 e6 3. Nf3 c5 4. e3 cxd4 5. exd4 d5 6. a3 Be7 7. Nc3 O-O 8. cxd5 exd5 9. Bd3 Bg4 10. h3 Bh5 11. Be3 Nbd7 12. O-O Nb6 13. Rc1 Nc4 14. Nxd5 Nxb2 15. Nxf6+ gxf6 16. Bxh7+ Kxh7 17. Qc2+ Kh8 18. Nh4 Bxa3 19. Ra1 Qe7 20. Rxa3 Qxa3 21. Qf5 Bg6 22. Qxf6+ Kh7 23. Nf5 Bxf5 24. Qxf5+ Kg7 25. Qg5+ Kh7 26. Qh6+ Kg8 27. Qg5+ Kh7 28. Qh6+ Kg8 29. Bg5 Qd3 30. Bf6 Qh7 31. Qg5+ Qg6 32. Qh4 Qh7 33. Qg5+ 1/2-1/2

[Event "New York Open"]
[Site "Newark, NJ USA"]
[Date "1995.??.??"]
[Round "?"]
[White "Kaidanov, Gregory S"]
[Black "Alburt, Lev O"]
[Result "0-1"]
[WhiteElo "2605"]
[BlackElo "2560"]
[PlyCount "88"]
[EventDate "1995.04.12"]
[Source "www.chesslib.no"]
[SourceDate "2004.05.04"]

1. Nf3 Nf6 2. d4 c5 3. d5 e6 4. c4 b5 5. Bg5 b4 6. e4 d6 7. Bd3 a5 8. a3 Be7 9. axb4 cxb4 10. c5 exd5 11. cxd6 Qxd6 12. e5 Qe6 13. O-O Ne4 14. Bb5+ Bd7 15. Nd4 Qxe5 16. Bxd7+ Nxd7 17. Bxe7 Qxe7 18. Re1 O-O 19. f3 Ndf6 20. fxe4 dxe4 21. Nd2 Rfd8 22. N2b3 Rd5 23. Kh1 Qd7 24. Qe2 Rxd4 25. Nxd4 Qxd4 26. Qb5 Ng4 27. h3 Nf2+ 28. Kh2 Qd6+ 29. Kg1 Qg3 30. Qf5 e3 31. Rxa5 Re8 32. Re2 g6 33. Qd7 Re6 34. Ra8+ Kg7 35. Qd4+ Kh6 36. Qxb4 Nxh3+ 37. Kh1 Nf2+ 38. Kg1 Ng4 39. Qf8+ Kh5 40. Ra5+ Kh4 41. Qd8+ Rf6 42. Qxf6+ Nxf6 43. Kf1 Ng4 44. Ra3 f5 0-1